书目信息 |
| 题名: |
十七世纪俄中关系
|
|
| 作者: | ;苏联科学院远东研究所 编 ;厦门大学外文系 译 | |
| 分册: | 第一卷 | |
| 出版信息: | 北京 商务印书馆 1978 |
|
| 页数: | 242页 | |
| 开本: | 21cm | |
| 丛书名: | ||
| 单 册: | ||
| 中图分类: | K512.33 | |
| 科图分类: | ||
| 主题词: | 中欧--历史 , 东欧--历史 | |
| 电子资源: | ||
| ISBN: | ||
| 000 | 00866nam0 2200253 45 | |
| 001 | 0178005920 | |
| 005 | 20060820162112.01 | |
| 010 | @dCNY3.50 | |
| 091 | @a11017.427 | |
| 100 | @a19950713d1978 kemy0chiy0121 ea | |
| 101 | 1 | @achi@crus |
| 102 | @aCN@b110000 | |
| 105 | @ay z 000yd | |
| 200 | 10 | @a十七世纪俄中关系@Ashi qi shi ji e zhong guan xi@h第一卷@h第一册@f苏联科学院远东研究所等编@Fsu lian ke xue yuan yuan dong yan jiu suo deng bian@g厦门大学外文系《十七世纪俄中关系》第一卷翻译小组译 |
| 210 | @a北京@c商务印书馆@d1978 | |
| 215 | @a242页@d21cm | |
| 300 | @a内部发行 | |
| 606 | 0 | @a中欧@x历史 |
| 606 | 0 | @a东欧@x历史 |
| 690 | @aK512.33 | |
| 711 | 0 | @a苏联科学院远东研究所@Asu lian ke xue yuan yuan dong yan jiu suo@4编 |
| 712 | 02 | @a厦门大学外文系@Axia men da xue wai wen xi@4译 |
| 801 | 0 | @aCN@bNLC@c20060820 |
| 905 | @f1@b2538@dK512.33@e2:1(1) | |
| 十七世纪俄中关系.第一卷.第一册/苏联科学院远东研究所等编/厦门大学外文系《十七世纪俄中关系》第一卷翻译小组译.-北京:商务印书馆,1978 |
| 242页;21cm |
| 内部发行 |
| ISBN :CNY3.50 |
| ● |
| 相关链接 |
|
|
|
|
正题名:十七世纪俄中关系
索取号:K512.33/2:1(1)
 
预约/预借
| 序号 | 登录号 | 条形码 | 馆藏地/架位号 | 状态 | 备注 |
| 1 | 0002536 | 202179962 | 密集书库/ [索取号:K512.33/2:1(1)] | 在馆 | |
| 2 | 0467238 | 204672381 | 密集书库/ [索取号:K512.33/2:1(1)] | 在馆 |